| 000 -LEADER |
| fixed length control field |
00460nam a2200193Ia 4500 |
| 001 - CONTROL NUMBER |
| control field |
11748 |
| 003 - CONTROL NUMBER IDENTIFIER |
| control field |
GE_BSU |
| 008 - FIXED-LENGTH DATA ELEMENTS--GENERAL INFORMATION |
| fixed length control field |
181216s||||||||xx |||||||||||||| ||und|| |
| 020 ## - INTERNATIONAL STANDARD BOOK NUMBER |
| International Standard Book Number |
9780575094031 |
| 040 ## - CATALOGING SOURCE |
| Transcribing agency |
GE_BSU |
| 080 ## - UNIVERSAL DECIMAL CLASSIFICATION NUMBER |
| Universal Decimal Classification number |
821.111-312.4 |
| 100 ## - MAIN ENTRY--PERSONAL NAME |
| Personal name |
Rowen,Michelle |
| 245 ## - TITLE STATEMENT |
| Title |
Immortality Bites Lady and The Vamp |
| 260 ## - PUBLICATION, DISTRIBUTION, ETC. |
| Place of publication, distribution, etc. |
Great Britain |
| 260 ## - PUBLICATION, DISTRIBUTION, ETC. |
| Date of publication, distribution, etc. |
2010 |
| 300 ## - PHYSICAL DESCRIPTION |
| Extent |
344p.20cm. |
| 653 ## - INDEX TERM--UNCONTROLLED |
| Uncontrolled term |
Immortality Bites Lady and The Vamp |
| 942 ## - ADDED ENTRY ELEMENTS (KOHA) |
| Koha item type |
წიგნი |